000 00325nam a22001457a 4500
008 210512b ||||| |||| 00| 0 eng d
020 _a304520203916937
041 _aeng
080 _a330.722.6
082 _a330.722.6
100 _a61
101 _aKF
245 _aIDEA Data Analysis Workbook
_cIDEA
942 _2udc
_cBK
999 _c57288
_d57288